[Event "University of Alberta op"]
[Site "Edmonton"]
[Date "2005.05.07"]
[Round "2"]
[White "Bullerkist, Caitlin"]
[Black "Mackinnon, Donald"]
[Result "1-0"]
[WhiteElo "1058"]
[BlackElo "1276"]
[PlyCount "69"]
[EventDate "2005.05.07"]
[EventType "swiss"]
[EventRounds "5"]
[EventCountry "CAN"]
[SourceTitle "CBM 106 Extra"]
[Source "ChessBase"]
[SourceDate "2005.07.01"]
[SourceVersion "1"]
[SourceVersionDate "2005.07.01"]
[SourceQuality "1"]

1. e4 e5 2. Nf3 Nc6 3. Bc4 Qe7 4. 0-0 Nf6 5. Nc3 g6 6. d3 Bg7 7. Bg5 0-0 8. Nd5 Qd8 9. Qd2 d6 10. h3 Ne7 11. Nxf6+ Bxf6 12. Bxf6 Nc6 13. Bxd8 Rxd8 14. Bd5 Ne7 15. Qg5 Re8 16. Qf6 Be6 17. Bxe6 fxe6 18. Qxe6+ Kg7 19. Qg4 Rf8 20. d4 c5 21. dxe5 d5 22. exd5 Nxd5 23. Qd7+ Ne7 24. Qxe7+ Rf7 25. Qxc5 Raf8 26. Qd5 Rxf3 27. gxf3 Rf5 28. Qxb7+ Kh6 29. Qe7 Rg5+ 30. Qxg5+ Kxg5 31. Rae1 Kh4 32. e6 h5 33. e7 a5 34. e8Q a4 35. Qxg6 1-0